[Event "Texas-ch Amateur"]
[Site "Dallas"]
[Date "2002.05.25"]
[Round "2.28"]
[White "Raby, Steven I"]
[Black "Echeverry, Alex M"]
[Result "0-1"]
[WhiteElo "1566"]
[BlackElo "1948"]
[PlyCount "48"]
[EventDate "2002.05.24"]
[EventType "swiss"]
[EventRounds "7"]
[EventCountry "USA"]
[SourceTitle "EXT 2003"]
[Source "ChessBase"]
[SourceDate "2002.11.25"]
[SourceVersion "1"]
[SourceVersionDate "2002.11.25"]
[SourceQuality "1"]

1. d4 d5 2. f4 Nf6 3. Nf3 Bf5 4. e3 e6 5. Bd3 Nbd7 6. 0-0 Bd6 7. Ne5 0-0 8. Bxf5 exf5 9. Qd3 Ne4 10. Nd2 Ndf6 11. c4 c6 12. Nxe4 Nxe4 13. c5 Bc7 14. Bd2 f6 15. Nf3 g5 16. g3 Kh8 17. Be1 Rg8 18. Kh1 Qd7 19. b4 a5 20. Qb1 axb4 21. Bxb4 Qg7 22. Qe1 gxf4 23. Nh4 fxg3 24. Kg1 Qg4 0-1

[Event "Dallas CC GP8 Amateur"]
[Site "Dallas"]
[Date "2002.01.20"]
[Round "4.13"]
[White "Allen, Jonathan F"]
[Black "Raby, Steven I"]
[Result "1-0"]
[WhiteElo "1729"]
[BlackElo "1615"]
[PlyCount "89"]
[EventDate "2002.01.19"]
[EventType "swiss"]
[EventRounds "5"]
[EventCountry "USA"]
[SourceTitle "EXT 2003"]
[Source "ChessBase"]
[SourceDate "2002.11.25"]
[SourceVersion "1"]
[SourceVersionDate "2002.11.25"]
[SourceQuality "1"]

1. e4 c5 2. Nf3 Nc6 3. d4 cxd4 4. Nxd4 Nf6 5. Nc3 a6 6. Be2 d6 7. Be3 Bd7 8. 0-0 g6 9. Kh1 Qc7 10. Bg5 Bg7 11. Bxf6 Bxf6 12. Nd5 Qa5 13. Nb3 Qd8 14. Nxf6+ exf6 15. Qxd6 Be6 16. Qxd8+ Rxd8 17. Rfd1 Ke7 18. c3 h5 19. Rxd8 Rxd8 20. Rd1 Rxd1+ 21. Bxd1 Kd6 22. f4 Bg4 23. Bxg4 hxg4 24. Kg1 f5 25. exf5 gxf5 26. Kf2 Ne7 27. Nd4 Kc5 28. g3 Kc4 29. Ke2 b5 30. Kd2 b4 31. b3+ Kc5 32. Nc2 bxc3+ 33. Kxc3 Kd5 34. Kd3 a5 35. Ne3+ Kc5 36. Kc3 Kb5 37. a3 Kc5 38. Kd3 f6 39. Kc3 Kb5 40. Kd4 a4 41. bxa4+ Kxa4 42. Kc5 Kxa3 43. Kd6 Nc8+ 44. Ke6 Kb3 45. Kxf6 1-0

[Event "Dallas CC GP8 Amateur"]
[Site "Dallas"]
[Date "2002.01.19"]
[Round "3.12"]
[White "Raby, Steven I"]
[Black "Chen, Alan"]
[Result "0-1"]
[WhiteElo "1615"]
[BlackElo "1446"]
[PlyCount "72"]
[EventDate "2002.01.19"]
[EventType "swiss"]
[EventRounds "5"]
[EventCountry "USA"]
[SourceTitle "EXT 2003"]
[Source "ChessBase"]
[SourceDate "2002.11.25"]
[SourceVersion "1"]
[SourceVersionDate "2002.11.25"]
[SourceQuality "1"]

1. d4 d5 2. Nf3 Bf5 3. Bf4 Nf6 4. e3 e6 5. Nbd2 Nbd7 6. c4 c6 7. c5 Be7 8. b4 0-0 9. Be2 Re8 10. Ne5 Nxe5 11. Bxe5 Rc8 12. 0-0 Ne4 13. Nxe4 Bxe4 14. Bd3 Bxd3 15. Qxd3 Bf6 16. Bg3 Qe7 17. Bd6 Qd8 18. e4 dxe4 19. Qxe4 Be7 20. Bxe7 Qxe7 21. f4 Qf6 22. Rfd1 Rcd8 23. b5 cxb5 24. Qxb7 Rxd4 25. Qxb5 Rf8 26. g3 Rfd8 27. Rdc1 Qf5 28. Qf1 Rd2 29. c6 Qh5 30. h3 Qg6 31. Qf3 R2d3 32. Qg4 Rxg3+ 33. Kf2 Rxg4 34. hxg4 Qxg4 35. c7 Rd2+ 36. Ke3 Qe2# 0-1

[Event "Dallas CC GP8 Amateur"]
[Site "Dallas"]
[Date "2002.01.19"]
[Round "1.10"]
[White "Raby, Steven I"]
[Black "Henderson, Timothy"]
[Result "1-0"]
[WhiteElo "1615"]
[BlackElo "1454"]
[PlyCount "63"]
[EventDate "2002.01.19"]
[EventType "swiss"]
[EventRounds "5"]
[EventCountry "USA"]
[SourceTitle "EXT 2003"]
[Source "ChessBase"]
[SourceDate "2002.11.25"]
[SourceVersion "1"]
[SourceVersionDate "2002.11.25"]
[SourceQuality "1"]

1. e4 e5 2. Nf3 Nc6 3. Bb5 Bc5 4. c3 Nge7 5. d4 exd4 6. cxd4 Bb4+ 7. Nc3 d5 8. e5 0-0 9. 0-0 Bg4 10. a3 Bxf3 11. Qxf3 Nxd4 12. Qd3 Bxc3 13. bxc3 Nxb5 14. Qxb5 Rb8 15. Be3 a6 16. Qb4 Nc6 17. Qg4 Nxe5 18. Qg3 Ng6 19. Rab1 c6 20. Ba7 Ra8 21. Rxb7 Re8 22. Rfb1 Nf8 23. Bd4 Ng6 24. f4 f6 25. f5 Ne7 26. Bxf6 Nxf5 27. Rxg7+ Kf8 28. Qg5 Qc8 29. Rf1 Qe6 30. Qxf5 Qe3+ 31. Kh1 Qe1 32. Bd4# 1-0